LEADER 01000nam0-2200265---450 001 9911030380203321 005 20251007094121.0 100 $a20251006d1890----km-y0itay50------ba 101 0 $ager 102 $aDE 105 $aaf------001yy 200 1 $a<>Totalreflectometer und das Refractometer für Chemiker$eihre Verwendung in der Krystalloptik und zur Untersuchung der Lichtbrechung von Flüssigkeiten$fvon C. Pulfrich 210 $aLeipzig$cWilhelm Engelmann$d1890 215 $aX, 144 p., IV c. di tav.$cill.$d24 cm 610 0 $aCristallografia 676 $a548$v23$zita 700 1$aPulfrich,$bCarl$f<1858-1927>$068971 801 0$aIT$bUNINA$gREICAT$2UNIMARC 856 4 $zVisualizza la versione elettronica in EROMM$uhttps://babel.hathitrust.org/cgi/pt?id=uc1.$b353522&seq=5$e20251006 901 $aBK 912 $a9911030380203321 952 $aM 2 V 9$b25758$fNAP14 959 $aNAP14 996 $aTotalreflectometer und das Refractometer für Chemiker$94443549 997 $aUNINA